LEADER 01237nam--2200397---450- 001 990000674670203316 005 20090414153603.0 010 $a0-8014-9436-2 035 $a0067467 035 $aUSA010067467 035 $a(ALEPH)000067467USA01 035 $a0067467 100 $a20011015d1986----km-y0itay0103----ba 101 $aeng 102 $aUS 105 $a||||||||001yy 200 1 $aPolitics in hard times$ecomparative responses to international economic crises$fPeter Gourevitch 210 $aIthaca$cCornell University press$d1986 215 $a267 p.$d23 cm 225 2 $aCornell studies in political economy 410 $12001$aCornell studies in political economy 606 0 $aPolitica economica 606 0 $aEconomia$xRelazioni internazionali 676 $a337. 700 1$aGOUREVITCH,$bPeter$0134960 801 0$aIT$bsalbc$gISBD 912 $a990000674670203316 951 $a337 GOU 1 (IX A 429)$b101450 LM$cIX A$D00205558 959 $aBK 969 $aECO 979 $aPATTY$b90$c20011015$lUSA01$h1532 979 $c20020403$lUSA01$h1717 979 $aPATRY$b90$c20040406$lUSA01$h1646 979 $aRSIAV2$b90$c20090414$lUSA01$h1536 996 $aPolitics in hard times$929464 997 $aUNISA LEADER 00939nam--2200325---450- 001 990003602520203316 005 20111209100431.0 035 $a000360252 035 $aUSA01000360252 035 $a(ALEPH)000360252USA01 035 $a000360252 100 $a20111209d1860----km-y0itay50------ba 101 0 $aita 102 $aIT 105 $ay|||||||001yy 200 1 $a<> religione del secolo XIX$fper Ausonio Franchi 205 $a2. ed. con molte correzioni ed aggiunte 210 $aLosanna$c[s.n.]$d1860 215 $a2 volumi (344; 280 p.)$d16 cm 676 $a261.7094 700 1$aFRANCHI,$bAusonio$0178192 801 0$aIT$bsalbc$gISBD 912 $a990003602520203316 951 $aXV.2.A. 997 1-2$b1581 F.C.$cXV.2.A. 959 $aBK 969 $aCUOMO 979 $aDIONIGI$b90$c20111209$lUSA01$h0913 979 $aDIONIGI$b90$c20111209$lUSA01$h1004 996 $aReligione del secolo XIX$91135699 997 $aUNISA